Vich : tradición y progresismo / tradición y progresismo /
Descripción Física:
Il·lustracions
Colección:
San Jorge,
; núm. 20 (octubre 1955), pàg. 71-72
Materias:
Vic
Idioma:
Español
MARC
| LEADER | 00000naa a2200000 a 4500 | ||
|---|---|---|---|
| 003 | Arxiu | ||
| 005 | 20260324181034.0 | ||
| 008 | 160829s1955 spcaxx s spa c | ||
| 040 | |a AGDB | ||
| 100 | |a Febrer Musach, Ramon |9 29466 | ||
| 245 | 1 | 0 | |a Vich : |b tradición y progresismo / |c R. Febrer |
| 300 | |b Il·lustracions | ||
| 490 | |a San Jorge, |v núm. 20 (octubre 1955), pàg. 71-72 | ||
| 500 | |a Fotografies: Jiménez | ||
| 651 | 0 | |a Vic |9 50737 | |
| 773 | |g Núm. 20 (octubre 1955), pàg. 71-72 |t San Jorge. | ||
| 901 | |a Arxiu | ||
| 942 | |n 1 |2 udc |c ART | ||
| 952 | |0 0 |1 0 |4 0 |6 REV510 |7 1 |9 65288 |a Arxiu |b Arxiu |d 2023-02-14 |l 0 |o Rev-510 |r 2023-02-14 00:00:00 |w 2023-02-14 |y ARXIU |z També disponible a Rev-524 | ||
| 999 | |c 48116 |d 48116 | ||